Normal view
MARC view
- Brady, James E , Russell, Joel W , Holum, John R
Entry Personal Name
001 - CONTROL NUMBER
- control field: 63049
003 - CONTROL NUMBER IDENTIFIER
- control field: NUST
005 - DATE AND TIME OF LATEST TRANSACTION
- control field: 20210628203043.0
008 - FIXED-LENGTH DATA ELEMENTS
- fixed length control field: 210628|| aca||aabn | a|a d
040 ## - CATALOGING SOURCE
- Original cataloging agency: NUST
- Transcribing agency: NUST
100 ## - HEADING--PERSONAL NAME
- Personal name: Brady, James E , Russell, Joel W , Holum, John R
670 ## - SOURCE DATA FOUND
- Source citation: Work cat.: (NUST): Brady, James E , Russell, Joel W , Holum, John R, Chemistry , matter and its changes, 2000
